00730nam a22002057a 450000500170000001000150001702000260003203500140005803700090007208200110008110000260009224500610011825000060017926000410018527000880022630000190031494200220033399900190035595201500037420250707142504.0 aENG-145745 a9789361599606c420.00 aEN-129277 bDBAD a00021 aPujara, Bhavuk982678 aNTA CUET UG 2025:bGeneral Aptitute Test/cBhavuk Pujara a1 aNoidabPearson India Educationc2025 a15th Floor, Towe-B, World Trade Tower, Plot No.1, Block-C, Sector-16bNoidae201301 avpp.c23cm(pb) 2ddccENh000mPUJ c212167d212167 001040708NFICaMbMd2025-07-07eDelivery of Books Act Divisiong420.00l0o000 PUJpEN-129277r2025-07-07 00:00:00t1v420.00w2025-07-07yEN